000 00598nam a2200181 u 4500
001 000256080
003 AM-YeHGA
005 20250617125145.0
008 030822s1927 ||| r 000 0 arm d
040 _aAM-YeHGA
100 1 _aՀամբարձումեան, Վահան
245 1 0 _aԳիւղաշխարհ :
_bՊատմ. եւ ազգագր. ուսումնասիր. /
_cՎահան Համբարձումեան.
260 _aՓարիզ :
_bԿովտունի,
_c1927.
300 _a279 էջ
_bնկ.
440 0 _aՎերաշինաց միութեան
_v1
650 1 4 _aՊատմություն
090 _c93552
999 _c92253
_d92253